000 00248nam a2200109Ia 4500
008 220713s9999 xx 000 0 und d
020 _a978 1 7702 0031 9
082 _aNF 306.9
100 _aWALKER, S
245 0 _aDEALING IN DEATH
942 _cBK
_y561
_zJohn Tresidder
999 _c106347
_d106347